005260000a220008500045001000029000002450030000293000046000595200290001057730045003951 aCepeda, José Alejandro10a¿A qué suena Bogotá? aVol.0, núm.20 (Mayo, 2007), Página 37 aDe mayo a octubre el sello independiente más fuerte que existe en Bogotá presentará a sus diversas agrupaciones en el Teatro Colón. Un grupo de productores y músicos están decididos a mostrar que es posible hacer una música de la ciudad. ¿Qué es la Distritofónica?0 tArcadia / Andrés Felipe Solano, Editor